ბათუმის შოთა რუსთაველის სახელმწიფო უნივერსიტეტის ბიბლიოთეკა

Сочинения в 4-х томах. (ბიბ.ჩანაწერი № 36177)

000 -LEADER
fixed length control field 00711nam a2200205Ia 4500
001 - CONTROL NUMBER
control field 2079
003 - CONTROL NUMBER IDENTIFIER
control field GE_BSU
005 - DATE AND TIME OF LATEST TRANSACTION
control field 20221020143106.0
008 - FIXED-LENGTH DATA ELEMENTS--GENERAL INFORMATION
fixed length control field 181216s1983ru xx |||||||||||||| ||rus||
040 ## - CATALOGING SOURCE
Transcribing agency GE_BSU
050 ## - LIBRARY OF CONGRESS CALL NUMBER
Classification number rus
080 ## - UNIVERSAL DECIMAL CLASSIFICATION NUMBER
Universal Decimal Classification number 1 Л-42
100 ## - MAIN ENTRY--PERSONAL NAME
Personal name Лейбниц, Гитфридвильгельм.
9 (RLIN) 15388
245 ## - TITLE STATEMENT
Title Сочинения в 4-х томах.
Remainder of title т.2: /
Statement of responsibility, etc. Лейбниц Гитфридвильгельм, Ред. тома И.С Нарский
264 ## - PRODUCTION, PUBLICATION, DISTRIBUTION, MANUFACTURE, AND COPYRIGHT NOTICE
Place of production, publication, distribution, manufacture Москва :
Name of producer, publisher, distributor, manufacturer Мысль,
Date of production, publication, distribution, manufacture, or copyright notice 1983.
300 ## - PHYSICAL DESCRIPTION
Extent 686 стр. :
Other physical details 20 см.
653 ## - INDEX TERM--UNCONTROLLED
keyword Сочинения в 4-х томах
700 ## - ADDED ENTRY--PERSONAL NAME
Personal name Нарский, И.С.
Relator term რედაქტორი
9 (RLIN) 15389
942 ## - ADDED ENTRY ELEMENTS (KOHA)
Koha item type წიგნი
Source of classification or shelving scheme
ეგზემპლარები
Withdrawn status Lost status Source of classification or shelving scheme Damaged status Not for loan Permanent Location Current Location Shelving location Date acquired Cost, normal purchase price Full call number Barcode Date last seen Copy number Price effective from Koha item type Public note
          ბათუმის შოთა რუსთაველის სახელმწიფო უნივერსიტეტის მთავარი ბიბლიოთეკა ბათუმის შოთა რუსთაველის სახელმწიფო უნივერსიტეტის მთავარი ბიბლიოთეკა წიგნსაცავი 2018-12-17 15.00 1 Л-42 4333 2018-12-17 4333 2018-12-17 წიგნი 15.00